00299 2200145 4500001002100000005001500021035002000036245003000056100001200086300001200098260000900110082000800119084001400127990001200141INLIS00000000000201020250527084341 a0010-05250003021 aPelarian Cinta /cSamiroh0 aSamiroh a172 hlm c2004 a813 a813 SAM p a0712669